000 00708nam a2200229 i 4500
001 114712
003 ES-MaACL
005 20250328063127.0
007 t|
008 070321s1971 sp ||||1| spa d
080 _a929 Bonifacio VIII. Papa
080 _a322(4)"12/13"
100 1 _aAdro Xavier,
_d1910-1998
_918481
245 1 0 _aBonifacio VIII /
_cAdro Xavier.
260 _aBarcelona :
_bPetronio,
_c[1971]
300 _a425 p., 21 lám. ;
_c21 cm.
600 1 4 _aBonifacio
_bVIII
_cPapa.
_930172
650 4 _aIglesia y Estado-
_zEuropa-
_yS.XIII.
_913562
650 4 _aIglesia y Estado-
_zEuropa-
_yS.XIV.
_913563
852 _aES-MaACL
_jC-41957
_bR.77482
999 _c114712
_d114712